El tema patriótico en los poetas costarricenses: Selección de poemas

Zapisane w:
Opis bibliograficzny
1. autor: Aguilar Cruz, Ileana María
Format: Książka
Język:Undetermined
Wydane: San José, Costa Rica Universidad de Costa Rica [s.f.]
Hasła przedmiotowe:
Etykiety: Dodaj etykietę
Nie ma etykietki, Dołącz pierwszą etykiete!

MARC

LEADER 00000nam a2200000Ia 4500
008 170316s9999 xx 000 0 und d
040 |a cru BVZT 
090 |a 868 A-4t 
100 |a Aguilar Cruz, Ileana María  |9 419 
245 |a El tema patriótico en los poetas costarricenses: Selección de poemas  |c / Ileana María Aguilar Cruz 
260 |a San José, Costa Rica  |b Universidad de Costa Rica  |c [s.f.] 
300 |a 33 páginas 
650 |a LITERATURA COSTARRICENSE  |9 17 
999 |c 10705  |d 10705 
942 |c 15 D  |h 868 A-4t  |2 z